Barking Up the Wrong Tree: (Record no. 9445)

MARC details
000 -LEADER
fixed length control field 00456nam a22001457a 4500
008 - FIXED-LENGTH DATA ELEMENTS--GENERAL INFORMATION
fixed length control field 230331b |||||||| |||| 00| 0 eng d
020 ## - INTERNATIONAL STANDARD BOOK NUMBER
International Standard Book Number 978-0-06-285220-5
082 ## - DEWEY DECIMAL CLASSIFICATION NUMBER
Classification number 813.54
100 ## - MAIN ENTRY--PERSONAL NAME
Personal name Eric Barker
245 ## - TITLE STATEMENT
Title Barking Up the Wrong Tree:
Remainder of title the surprising science behind why everything you know about success is (mostly) wrong
260 ## - PUBLICATION, DISTRIBUTION, ETC.
Name of publisher, distributor, etc. Harper Collin,
Date of publication, distribution, etc. 2017
300 ## - PHYSICAL DESCRIPTION
Extent 307 p.
Dimensions 20.5 cm
942 ## - Added entry Elements (Koha)
Source of classification or shelving scheme Dewey Decimal Classification
Holdings
Withdrawn status Lost status Source of classification or shelving scheme Damaged status Not for loan Collection code Home library Current library Shelving location Date acquired Serial Enumeration / chronology Total Checkouts Total Renewals Full call number Barcode Date last seen Date last checked out Price effective from Koha item type
    Dewey Decimal Classification     Popular Collection RTC Library RTC Library Popular Collection 31/03/2023 177276 6 6 650.1 BAR 30018782 14/04/2026 27/03/2026 31/03/2023 Main
Royal Thimphu College || All Right Reserved